Leonardo da Vinci (Record no. 4942)

MARC details
000 -CABECERA
campo de control de longitud fija 00759nam a2200241 a 4500
001 - NÚMERO DE CONTROL
campo de control BRCA_5248
005 - FECHA Y HORA DE LA ÚLTIMA TRANSACCIÓN
campo de control 20190320205013.0
008 - DATOS DE LONGITUD FIJA--INFORMACIÓN GENERAL
campo de control de longitud fija 301110s1944----u--a######---#000-0#eng-#
041 ## - CÓDIGO DE LENGUA
Código de lengua del texto/banda sonora o título independiente eng
044 ## - CÓDIGO DEL PAÍS DE LA ENTIDAD EDITORA/PRODUCTORA
Código MARC del país u
050 #4 - SIGNATURA TOPOGRÁFICA DE LA BIBLIOTECA DEL CONGRESO
Número de clasificación ND623
Número de documento/Ítem .L36 1944
100 1# - ENTRADA PRINCIPAL--NOMBRE DE PERSONA
Nombre de persona Langton Douglas, Robert
9 (RLIN) 13447
245 10 - MENCIÓN DE TÍTULO
Título Leonardo da Vinci
Resto del título his life and his pictures
Mención de responsabilidad, etc. by R. Langton Douglas.
260 ## - PUBLICACIÓN, DISTRIBUCIÓN, ETC.
Lugar de publicación, distribución, etc. Chicago, Illinois
Nombre del editor, distribuidor, etc. University of Chicago
Fecha de publicación, distribución, etc. 1944
300 ## - DESCRIPCIÓN FÍSICA
Extensión xiii, 127 p.
Otras características físicas il., 57 láminas
Dimensiones 25 cm.
500 ## - NOTA GENERAL
Nota general Incluye índice de ilustraciones, apéndices e índice alfabético
500 ## - NOTA GENERAL
Nota general E68
504 ## - NOTA DE BIBLIOGRAFÍA, ETC.
Nota de bibliografía, etc. Bibliografía: p. 119-122
600 14 - PUNTO DE ACCESO ADICIONAL DE MATERIA--NOMBRE DE PERSONA
Nombre de persona Leonardo da Vinci
Fechas asociadas al nombre 1452-1519
9 (RLIN) 13448
650 14 - PUNTO DE ACCESO ADICIONAL DE MATERIA--TÉRMINO DE MATERIA
Término de materia o nombre geográfico como elemento de entrada Pintores italianos
9 (RLIN) 7654
902 ## - CATALOGADOR
Iniciales GFM
942 ## - ELEMENTOS DE PUNTO DE ACCESO ADICIONAL (KOHA)
Fuente del sistema de clasificación o colocación Library of Congress Classification
Tipo de ítem Koha Libros
Holdings
Estado de retiro Estado de pérdida Estado dañado No para préstamo Localización permanente Ubicación/localización actual Fecha de adquisición Número de inventario Total de préstamos Signatura topográfica completa Código de barras Fecha visto por última vez Precio válido a partir de Tipo de ítem Koha
El ejemplar forma parte de la colección y puede ser consultado según las políticas vigentes.       Biblioteca del Museo Franz Mayer (Rogerio Casas-Alatriste) Biblioteca del Museo Franz Mayer (Rogerio Casas-Alatriste) 30/11/2010 E68   ND623 .L36 1944 (E68) 5683 22/03/2019 22/03/2019 Libros